Top 100 UK Baby Girls' Names 2017 - Statistics

General Stats
  • This quiz has been taken 1,057 times
    924 since last reset
  • The average score is 58 of 100
Answer Stats
Hint Answer % Correct
1 Olivia
94%
80 Anna
89%
37 Emma
89%
17 Charlotte
88%
5 Emily
86%
4 Lily
86%
2 Sophia
86%
6 Ava
85%
3 Amelia
84%
62 Eliza
84%
15 Sophie
84%
11 Ella
83%
94 Sara
83%
28 Hannah
82%
73 Elizabeth
81%
14 Grace
81%
8 Isabella
81%
21 Chloe
79%
9 Mia
78%
7 Isla
77%
32 Jessica
77%
77 Rose
77%
48 Ellie
76%
36 Eva
76%
51 Zoe
75%
23 Alice
73%
81 Amy
73%
22 Daisy
72%
49 Lucy
72%
40 Molly
72%
12 Poppy
70%
29 Ruby
70%
24 Ivy
69%
41 Rosie
69%
58 Bella
68%
92 Maria
68%
61 Eleanor
67%
59 Holly
67%
16 Evie
66%
42 Millie
66%
69 Violet
66%
19 Evelyn
65%
13 Freya
65%
10 Isabelle
65%
64 Abigail
64%
71 Georgia
61%
72 Sarah
61%
56 Zara
61%
31 Maya
60%
39 Florence
59%
35 Willow
59%
46 Elsie
58%
75 Jasmine
57%
82 Leah
56%
55 Lola
56%
18 Aria
55%
20 Phoebe
55%
30 Scarlett
55%
26 Sienna
55%
87 Clara
54%
33 Layla
53%
47 Maisie
53%
96 Megan
53%
63 Amber
52%
89 Gracie
52%
38 Erin
51%
76 Harriet
51%
68 Madison
51%
60 Annabelle
49%
27 Harper
48%
66 Penelope
48%
45 Esme
47%
74 Amelie
46%
53 Imogen
46%
34 Matilda
46%
44 Mila
45%
97 Martha
44%
79 Nancy
43%
83 Summer
43%
54 Luna
42%
25 Darcie
41%
91 Lara
41%
78 Lexi
39%
86 Orla
36%
84 Lottie
35%
43 Emilia
32%
98 Arabella
31%
90 Heidi
31%
50 Thea
30%
93 Felicity
29%
67 Niamh
29%
95 Aurora
27%
70 Fatima
23%
57 Maryam
23%
99 Hallie
22%
65 Lyla
19%
100 Skye
19%
85 Ayla
18%
88 Robyn
18%
52 Nur
13%
No matching quizzes found
Score Distribution
Percent of People with Each Score
Percentile by Number Answered
Your Score History
You have not taken this quiz since the last reset